000 00791nam a2200253Ia 4500
003 OSt
005 20220928113235.0
006 a|||||r|||| 00| 0
007 ta
008 220927b |||||||| |||| 00| 0 eng d
020 _c1384.6849999999999
024 _a99538
037 _b3602, 18/09/2009, Bharat Scientific Syndicate
_cTextual
040 _aSDCL
_cSDCL
_beng
041 _2eng
_aeng
082 _aO-,2J70:g, P9
100 _aO'Callaghan Michelle
_9432117
245 0 _aThomas middleton,renaissance dramatist.
260 _aEdinburgh
_bEdinburgh University Press
_c2009
300 _avi,190p.
_ccm.
650 _aEnglish
942 _hO-,2J70:g, P9
_cTEXL
_2CC
999 _c748682
_d748682